000 00483nam a2200181Ia 4500
008 090124s9999 xx 000 0 und d
082 _b103535
100 _aकेळकर न. चि.
245 _a वाग्विलास
250 _a1
260 _c1950
300 _a154
600 _aकेळकर न. चि.
630 _a वाग्विलास
700 _aकेळकर न. चि.
730 _a वाग्विलास
942 _cBOOK
999 _c149627
_d149627